| 000 | 01439cam a2200277 i 4500 | ||
|---|---|---|---|
| 001 | 1816812 | ||
| 005 | 20220326193308.0 | ||
| 008 | 790320s1976 sp b 000 0 spa | ||
| 010 | _a 79338269 | ||
| 015 | _aSp78-Jun | ||
| 020 |
_a8437700493 : _c350ptas |
||
| 040 |
_aDLC _cDLC _dDLC |
||
| 043 | _acl----- | ||
| 082 | 0 | 0 |
_a980 _bR196d |
| 100 | 1 |
_aRangel, Carlos, _d1929- _91888 |
|
| 245 | 1 | 0 |
_aDel buen salvaje al buen revolucionario : _bmitos y realidades de América Latina / _c[por] Carlos Rangel. |
| 250 | _a1. ed. española. | ||
| 260 |
_aBarcelona : _bMonte Avila, _c1976. |
||
| 300 |
_a257 p., 2 leaves ; _c24 cm. |
||
| 504 | _aIncludes bibliographical references. | ||
| 505 |
_tIntroducción: Española y no latina _tCaptilo 1: Del buen Salvaje al Buen revolucionario _tCaptilo 2:Latinoamerica y los Estados Unidos _tCaptilo 3: Heroes y traidores _tCaptilo 4: Ariel y Caliban _tCaptilo 5: Latinoamerica y el marxismo _tCaptilo 6: Latinoamerica y la iglesia _tCaptilo 7: Algunas verdades _tCaptilo 8: Algunas Verdades más _tCaptilo 9: Las formas del poder político en America Latina (1) _tCaptilo 10:Las formas del poder político en America Latina (2) _tCaptilo 11: Las formas del poder político en America Latina (3) |
||
| 650 |
_aRelaciones Exteriores _vPolitica y Gobierno _91889 |
||
| 651 | 0 |
_aLatin America _xCivilization. _91623 |
|
| 700 |
_aRangel, Carlos, _91890 |
||
| 906 |
_a7 _bcbc _corignew _d3 _encip _f19 _gy-gencatlg |
||
| 999 |
_c397 _d397 |
||